| 000 | 01686cam a2200493 i 4500 | ||
|---|---|---|---|
| 001 | 817 | ||
| 003 | KOSZ 005 | ||
| 005 | 20250627130329.0 | ||
| 008 | 250627s1979 pl a f 000 0 pol | ||
| 015 | _aUWD 1979/9885 | ||
| 035 | _a991015400379705066 | ||
| 035 | _a(PL-WaBN)b14136508-48omnis_nlop | ||
| 035 | _ab14136508 | ||
| 035 | _a(OCoLC)830203023 | ||
| 035 | _azz2005803111 | ||
| 035 | _a(PL)b0000001413650 | ||
| 035 | _a(EXLNZ-48OMNIS_NETWORK)9910216090505606 | ||
| 040 |
_aWA N _cWA N _dKOSZ 005/RW |
||
| 046 | _k1979 | ||
| 080 | _a005 | ||
| 080 | _a658.1/.5 | ||
| 100 | 1 |
_aMartyniak, Zbigniew _d(1936-2002) _eAutor |
|
| 245 | 1 | 0 |
_aOrganizacja i zarządzanie : _b42 problemy teorii i praktyki / _cZbigniew Martyniak. |
| 250 | _aWydanie 2 uzupełnione. | ||
| 260 |
_aWarszawa : _b"Książka i Wiedza", _c1979. |
||
| 300 |
_a277, [3] stron : _bilustracje, tabele, wykresy ; _c20 cm. |
||
| 336 |
_aTekst _btxt _2rdacontent |
||
| 337 |
_aBez urządzenia pośredniczącego _bn _2rdamedia |
||
| 338 |
_aWolumin _bnc _2rdacarrier |
||
| 380 | _aKsiążki | ||
| 380 | _aPublikacje dydaktyczne | ||
| 388 | 1 | _a1901-2000 | |
| 388 | 1 | _a1945-1989 | |
| 500 | _aW wyd. poprz. podtyt. : 30 problemów teorii i praktyki. | ||
| 504 | _aBibliografia przy rozdziałach. | ||
| 650 | 7 |
_aOrganizacja _2DBN |
|
| 650 | 7 |
_aZarządzanie _2DBN |
|
| 655 | 7 | _aOpracowanie | |
| 658 | _aZarządzanie i marketing | ||
| 710 | 2 |
_aSpółdzielnia Wydawniczo-Handlowa "Książka i Wiedza" _4pbl |
|
| 856 |
_uhttps://koha.tu.koszalin.pl/cgi-bin/koha/opac-detail.pl?biblionumber=817 _yKatalog online BPK |
||
| 942 |
_2UKD _cKS |
||
| 999 |
_c817 _d817 |
||